| 000 | 00808nam a2200241Ia 4500 | ||
|---|---|---|---|
| 999 |
_c10220 _d10220 |
||
| 001 | 10220 | ||
| 003 | BD-JhCC | ||
| 005 | 20180716193052.0 | ||
| 008 | 080917s1966 bg a 001 0 eng d | ||
| 035 | _a(BD-JhCC)10220 | ||
| 040 |
_dBD-JhCC _aBD-JhCC |
||
| 041 | _aben | ||
| 082 |
_bBON 1966 _a491.443 |
||
| 100 | 1 | _aবন্দোপাধ্যায়, শ্রীহরিচরণ | |
| 245 | 1 | 4 |
_aবঙ্গীয় শব্দকোষ প্রথম খণ্ড / _cশ্রীহরিচরণ বন্দোপাধ্যায় |
| 260 |
_aনিউ দিল্লী, _bসাহিত্য অকাদেমি, _c1966. |
||
| 300 |
_a1246 p. ; _c25 cm. |
||
| 490 | 1 | _aModern classics | |
| 500 | _aঅ-ন | ||
| 650 | _aGlossary | ||
| 942 |
_2ddc _cREF |
||